Normal view
MARC view
Entry Personal Name
001 - CONTROL NUMBER
- control field: 162699
003 - CONTROL NUMBER IDENTIFIER
- control field: OSt
005 - DATE AND TIME OF LATEST TRANSACTION
- control field: 20220923212709.0
008 - FIXED-LENGTH DATA ELEMENTS
- fixed length control field: 220923|| aca||aabn | a|a d
040 ## - CATALOGING SOURCE
- Original cataloging agency: OSt
- Transcribing agency: OSt
100 ## - HEADING--PERSONAL NAME
- Personal name: लक्ष्मणसिंह, राजा, ले
670 ## - SOURCE DATA FOUND
- Source citation: Work cat.: (OSt)310913: लक्ष्मणसिंह, राजा, ले., शकुन्तला नाटक, 1952
